LEADER 01267nam 2200337z- 450 001 9910689666903321 005 20161209103032.0 035 $a(CKB)5860000000035331 035 $a(BIP)009115320 035 $a(EXLCZ)995860000000035331 100 $a20220406c2003uuuu -u- - 101 0 $aeng 200 10$aTravel and tourism in America today $ehearing before the Subcommittee on Commerce, Trade, and Consumer Pretection of the Committee on Energy and Commerce, House of Representatives, One Hundred Eighth Congress, first session, April 30, 2003 215 $a1 online resource (iii, 119 p.) $cill 311 $a0-16-070518-5 517 $aTravel and Tourism in America Today 606 $aTourism$xGovernment policy$zUnited States 606 $aAmusement rides$zUnited States$xSafety measures 606 $aSpinal cord$xWounds and injuries$zUnited States 610 $aTourism 610 $aAmusement rides 610 $aSpinal cord 610 $aBusiness & economics 610 $aMedical 615 0$aTourism$xGovernment policy 615 0$aAmusement rides$xSafety measures. 615 0$aSpinal cord$xWounds and injuries 906 $aBOOK 912 $a9910689666903321 996 $aTravel and tourism in America today$93099320 997 $aUNINA LEADER 01418nlm 2200241Ia 450 001 996709479603316 005 20260217085614.0 100 $a19840821d1644---- uy | 101 0 $aeng 135 $adrcnu 200 1 $awo clean birds, or, The cleaning of the leper as it was unfolded in a sermon preached before the right honourable Ferdinando, Lord Fairfax, Generall of the northern forces, and the most of his army, on the fifth day of February, 1642 (being the Lords day, and by his honor appointed to bee kept as a fast upon speciall occasion) at Selbie, in the West Riding of the county of Yorke$fby Iohn Shaw, pastor to the church at Rotheram in the same county 210 1 $aPrinted at Yorke$cby Tho. Broad ...$d1644 215 $aTesto elettronico (PDF) ([14], 26 p.) 230 $aBase dati testuale 606 0 $aSermoni$2BNCF 676 $a204.3 700 1$aSHAWE,$bJohn$f1608-1672.$01011584 801 0$aIT$bcba$cREICAT 912 $a996709479603316 959 $aEB 969 $aER 996 $aWo clean birds, or, The cleaning of the leper as it was unfolded in a sermon preached before the right honourable Ferdinando, Lord Fairfax, Generall of the northern forces, and the most of his army, on the fifth day of February, 1642 (being the Lords day, and by his honor appointed to bee kept as a fast upon speciall occasion) at Selbie, in the West Riding of the county of Yorke$94542518 997 $aUNISA